000 00282nam a22001217a 4500
041 _aENG
100 _aKolchiro T
245 _aClimatic Change And Food Production
260 _aDelhi
_bUniversity of Tokyo Press
_c1998
300 _a433
650 _aSWCE (06)
856 _uSWCE (06)
999 _c2915
_d2915